Cuentos de paí luchí, el mentiroso /
Guardado en:
| Autor Principal: | |
|---|---|
| Otros Autores: | |
| Formato: | Libro |
| Publicado: |
Buenos Aires :
Centro Editor de América Latina,
1992
|
| Series: | Cuentos de mi país
|
| Materias: | |
| Etiquetas: |
Agregar Etiqueta
Sin Etiquetas, Sea el primero en etiquetar este registro!
|
| LEADER | 01182nam a22002415a 4500 | ||
|---|---|---|---|
| 001 | CEM.cems013421 | ||
| 005 | 20101008112233.0 | ||
| 008 | 130507s1992##################000#0#####d | ||
| 003 | CEMS | ||
| 020 | |a 9503601150 | ||
| 082 | 0 | 4 | |a SG372.41 |
| 100 | 1 | |a Devetach, Laura | |
| 245 | 1 | 0 | |a Cuentos de paí luchí, el mentiroso / |c Laura Devetach ; ilustrado Por Oscar Rojas |
| 260 | |a Buenos Aires : |b Centro Editor de América Latina, |c 1992 | ||
| 300 | |a 61 p. | ||
| 490 | 0 | |a Cuentos de mi país | |
| 505 | 0 | |a Paí Luchí -- Cuento de la mandioca -- Aventura de las cotorras -- Carneros de Las Uropas -- Don Nazrio y los carneros - La larga noche del Ciclón -- Potro fantástico -- Historia de las sandías -- La perra cazadora -- Puntería -- El burro con zancos -- Ligero como la luz -- Ciclón quiere asado -- La pelea con la víbora -- El abuelo de Paí Luchí -- Los cuentos que ruedan de boca en boca -- Dónde encontramos estos cuentos? | |
| 653 | |a Biblioteca maría de los angeles saggio | ||
| 653 | |a Educación primaria | ||
| 653 | |a Cuentos | ||
| 653 | |a Literatura infantil | ||
| 700 | 1 | |a Rojas, oscar, il. | |
| 859 | |a CEMS |b BIB. CEMS - 11 de abril |h SG372.41 |i D497-1 |p 26043.10 |t Ej.1 | ||
